A Quiz About Vedanta - Statistics

General Stats
  • This quiz has been taken 35 times
  • The average score is 6 of 12
Answer Stats
Hint Answer % Correct
What is the literal meaning of the Sanskrit word Vedānta? End of the {Veda}
86%
According to the nondualist school, liberation occurs when a person gains knowledge of Ātman and Brahman. What is the Sanskrit word for that liberation? Mokṣa
68%
This "nondualist" school of Vedānta holds that only Brahman is ultimately real and that the Ātman or Self is identical to Brahman. Advaita
64%
This 8th century CE teacher was the most famous proponent of the nondualist school. Ādi Śaṅkara
61%
This Bengali monk and disciple of Ramakrishna founded the first Vedanta Society in the United States in 1894, the first of many such societies founded in the United States by members of the Ramakrishna Order. Swami Vivekananda
54%
Name any of the texts or bodies of texts that serve as the "three sources" (prasthānatrayī) of Vedānta. Upaniṣads, Brahma Sūtras, and Bhagavad Gītā
54%
This "dualist" school of Vedānta holds that Viṣṇu is the supreme creator and personal god, and that the universe and the souls of sentient beings are different than but completely dependent on Viṣṇu. Dvaita
46%
According to the qualified nondualist school, the dualist school, and the "different and non-different" school, liberation occurs by means of devotion to a supreme personal who is identified as Viṣṇu or one of his avatars. What is the Sanskrit word for devotion? Bhakti
39%
This 11th-12th century CE teacher was the founder and chief proponent of the qualified nondualist school. Śrī Rāmānuja
36%
This 13th century CE teacher was the chief proponent of the dualist school. Madhvācārya
29%
This "qualified nondualist" school of Vedānta holds that while only Brahman ultimately exists, Brahman consists of three beings or types of being, one of which, Īśvara, understood as a supreme personal god and identified as Viṣṇu, is greater than the others. Viśiṣṭādvaita
29%
This term refers to the minor schools of Vedānta which teach that the individual self is both "different and non-different" from Brahman. Bhedābheda
11%
No matching quizzes found
Score Distribution
Percent of People with Each Score
Percentile by Number Answered
Your Score History
You have not taken this quiz